| 000 | aam a22 a 4500 | ||
|---|---|---|---|
| 999 |
_c324982 _d324982 |
||
| 003 | BLK | ||
| 005 | 20201007040504.0 | ||
| 008 | 180926b bul||||| |||| 00| 0 bul d | ||
| 020 | _a978-619-160-862-1 | ||
| 040 | _aBLK | ||
| 041 |
_aBUL _cBUL |
||
| 080 | _z949.72.051/.052 | ||
| 080 | _z327(497.2)(091) | ||
| 100 |
_aСтрезова, Алека _eпърви автор _91299 |
||
| 139 |
_aСтрезова, Алека _bС 84 |
||
| 245 |
_aБългарската дипломация - институции и представители 1879 - 1918 _cАлека Стрезова |
||
| 257 | _aBGR | ||
| 260 |
_bАвангард Прима _c2017 _aСофия |
||
| 300 |
_a240 с. : с портр., табл., [8] с. цв. ил., факс. _c24 см |
||
| 380 | _a9 | ||
| 500 | _aИмето на ред. отбелязано на гърба на загл. с. | ||
| 504 | _aБиблиогр.: с. 235-239 | ||
| 650 | 0 |
_9286091 _aДипломати, български |
|
| 700 |
_9695 _aСтоянова, Росица Иванова _eнауч. ред. |
||
| 852 |
_aЦб 290504 _bЦб |
||
| 942 |
_cKNG _2udc _n0 |
||
| 999 | _d324982 | ||
| 999 | _d324982 | ||